MATHEMATICS FOR INFORMATION TECHNOLOGY (Record no. 216295)

MARC details
000 -LEADER
fixed length control field 00502nam a22001697a 4500
008 - FIXED-LENGTH DATA ELEMENTS--GENERAL INFORMATION
fixed length control field 251126b |||||||| |||| 00| 0 eng d
020 ## - INTERNATIONAL STANDARD BOOK NUMBER
International Standard Book Number 978-1-111-30792-9
100 ## - MAIN ENTRY--PERSONAL NAME
Personal name BASTA, ALFRED
245 ## - TITLE STATEMENT
Title MATHEMATICS FOR INFORMATION TECHNOLOGY
260 ## - PUBLICATION, DISTRIBUTION, ETC.
Place of publication, distribution, etc. CLIFTON PARK
Name of publisher, distributor, etc. DELMAR CENGAGE
Date of publication, distribution, etc. 2014
300 ## - PHYSICAL DESCRIPTION
Extent XVI, 557P.
500 ## - GENERAL NOTE
General note INCLUDES INDEX
650 ## - SUBJECT ADDED ENTRY
Topical term or geographic name entry element 1. MAATHEMATICS - STUDY AND TEACHING 2. INFORMATION TECHNOLOGY
700 ## - ADDED ENTRY--PERSONAL NAME
Personal name DELONG, STEPHAN
942 ## - ADDED ENTRY ELEMENTS (KOHA)
Source of classification or shelving scheme Library of Congress Classification
Koha item type Long Loan Book
Holdings
Withdrawn status Lost status Source of classification or shelving scheme Damaged status Not for loan Collection Home library Current library Shelving location Date acquired Inventory number Total checkouts Full call number Barcode Date last seen Copy number Price effective from Koha item type Date last checked out
    Library of Congress Classification     Science & Technology Kisii University Library Kisii University Library On Display 11/26/2025 110174   QA 11.3 .B37 2014 000000017687 11/26/2025 C.1 11/26/2025 Long Loan Book  
    Library of Congress Classification     Science & Technology Kisii University Library Kisii University Library On Display 11/26/2025 110175   QA 11.3 .B37 2014 000000017688 11/26/2025 C.2 11/26/2025 Long Loan Book  
    Library of Congress Classification     Science & Technology Kisii University Library Kisii University Library On Display 11/26/2025 110176 1 QA 11.3 .B37 2014 000000017689 01/07/2026 C.3 11/26/2025 Long Loan Book 12/19/2025
    Library of Congress Classification     Science & Technology Kisii University Library Kisii University Library On Display 11/26/2025 110177   QA 11.3 .B37 2014 000000017690 11/26/2025 C.4 11/26/2025 Long Loan Book